|
|
|
|
| LEADER |
00000nab a2200000 ar4500 |
| 001 |
vtls010194575 |
| 003 |
SK-MaSNL |
| 005 |
20260318121807.0 |
| 008 |
101203c20101202xo |||||||| 000 b|hun |
| 015 |
|
|
|a SNBRB2010/12
|2 snkbucl
|
| 038 |
|
|
|a SNKBUCL
|
| 040 |
|
|
|a DSZK
|b slo
|c DSZK
|e AACR2
|
| 041 |
0 |
|
|a hun
|
| 044 |
|
|
|a xo
|c SK
|
| 080 |
|
|
|a 78.071.1
|2 2001
|
| 080 |
|
|
|a 061.3
|2 2001
|
| 080 |
|
|
|a 371.124:061.231
|x (=511.141)
|x (437.6)
|2 2001
|
| 100 |
1 |
|
|a Orsovics, Yvette
|4 aut
|9 69760
|
| 245 |
1 |
0 |
|a Nemzet és zene - Erkel 200 éve
|b beszámoló a Szlovákiai Magyar Pedagógusok Szövetségének kétnapos konferenciájáról
|c Orsovics Yvette
|
| 300 |
|
|
|b Fotogr.
|
| 600 |
1 |
7 |
|a Erkel, Ferenc,
|d 1810-1893
|2 snkbucl
|9 52622
|
| 610 |
2 |
7 |
|a Zväz maďarských pedagógov na Slovensku
|2 snkbucl
|9 29812
|
| 648 |
|
7 |
|a 2010
|2 snkbucl
|9 324355
|
| 650 |
0 |
7 |
|a hudobní skladatelia
|2 SNKPH
|9 3188
|
| 650 |
0 |
7 |
|a 200. výročie narodenia
|2 snkbucl
|9 1234275
|
| 650 |
0 |
7 |
|a konferencie
|2 SNKPH
|9 19221
|
| 651 |
|
7 |
|a Komárno (Slovensko)
|2 SNKPHgeo
|9 39168
|
| 773 |
0 |
|
|t Új szó
|g Évf. 63, sz. 277 (2.12.2010), o. 11
|x 1335-7050
|
| 852 |
|
|
|a SNK
|b KIS3GCP
|
| 852 |
|
|
|a DSZK
|b KIS3GCP
|
| 958 |
|
|
|a HU
|
| 958 |
|
|
|a SK
|
| 999 |
|
|
|c 3247113
|d 3249043
|